| 000 | 00726cad a22002055a 4500 | ||
|---|---|---|---|
| 001 | E148762 | ||
| 008 | 091105s2009 xxk f lf000 0 eng d | ||
| 035 | _a(Sirsi) u148762 | ||
| 041 | 0 | _aeng | |
| 050 | 0 | 4 | _a333.9164 $2 18 |
| 110 | 2 |
_aUnited Kingdom Parliament _95804 |
|
| 245 | 0 | 0 |
_aEquality Bill 2008-09 _h[electronic resource] |
| 260 |
_aLondon _bUK Parliament _c2009 |
||
| 520 | _aA Bill intended to harmonise and extend existing discrimination legislation. | ||
| 521 | _aAdvanced | ||
| 651 | 4 |
_aUnited Kingdom _y |
|
| 690 | _aMANAGEMENT-BUSINESS MANAGEMENT-DISCRIMINATION | ||
| 856 | 4 | 0 |
_uhttps://services.parliament.uk/bills/2008-09/equality.html _zView the Bill free of charge at www.parliament.uk... |
| 942 | _n0 | ||
| 999 |
_c110212 _d110212 |
||